000 00554nam a2200229Ia 4500
003 OSt
005 20220203113551.0
008 210210b1940 xxu||||| |||| 00| 0 eng d
040 _aAL
_c
041 _aeng
082 _a388/15
100 _aFAULKNER (Edwin J)
_916216
245 _aAccident and health insurance
260 _aNew York
_bMcGraw Book Company
_c1940
300 _a366
650 _ainsurance
_916217
650 _ahealth
_916218
650 _aAccident
_916219
690 _aInsurance
_916220
906 _a005674
942 _2ddc
_cBK
999 _c125708
_d125708